00384nam a2200169Ia 4500003000900000008004100009040001300050040001300063041000800076100001800084245006200102260001400164260000900178300001100187300001000198490000600208IT-RoPAU120407s9999 xx 000 0 und d aIT-RoPAU cIT-RoPAU aita aGiorgio Falco aLa santa romana repubblica. Profilo storico del medioevo. aRicciardi c1957 a383 p. c22 cm v1